Antropología y teología / (Record no. 24758)

MARC details
000 -LEADER
campo de control de longitud fija 00665nam a2200205 i 4500
001 - NÚMERO DE CONTROL
campo de control 24758
003 - IDENTIFICADOR DE NÚMERO DE CONTROL
campo de control ES-MaACL
005 - FECHA Y HORA DE LA ÚLTIMA TRANSACCIÓN
campo de control 20230906153124.0
007 - CAMPO FIJO DE DESCRIPCIÓN FÍSICA--INFORMACIÓN GENERAL
campo de control de longitud fija t|
008 - DATOS DE LONGITUD FIJA--INFORMACIÓN GENERAL
campo de control de longitud fija 021218s1978 sp ||||1| spa d
245 00 - MENCIÓN DEL TÍTULO
Título Antropología y teología /
Mención de responsabilidad, etc. José Luis Pinillos... [et al.] ; edición preparada por Horacio Santiago.
260 ## - PUBLICACIÓN, DISTRIBUCIÓN, ETC.
Lugar de publicación, distribución, etc. Madrid :
Nombre del editor, distribuidor, etc. Consejo Superior de Investigaciones Científicas,
Fecha de publicación, distribución, etc. 1978.
300 ## - DESCRIPCIÓN FÍSICA
Extensión 151 p. ;
Dimensiones 20 cm.
490 1# - MENCIÓN DE SERIE
Mención de serie Conferencias
700 1# - ENTRADA AGREGADA--NOMBRE PERSONAL
Nombre de persona Pinillos, José Luis.
9 (RLIN) 92143
700 1# - ENTRADA AGREGADA--NOMBRE PERSONAL
Nombre de persona Santiago-Otero, Horacio.
9 (RLIN) 103408
830 0# - PUNTO DE ACCESO ADICIONAL DE SERIE-TÍTULO UNIFORME
Título uniforme Conferencias
9 (RLIN) 229103
852 ## - LOCALIZACIÓN
Ubicación ES-MaACL
Número de control de estantería A-9289
Sublocalización o colección R.98390
Holdings
Estatus retirado Estado de pérdida Estado de daño No para préstamo Biblioteca de origen Biblioteca actual Ubicación en estantería Fecha de adquisición Fuente de adquisición Total de préstamos Signatura topográfica completa Código de barras Visto por última vez Precio de reemplazo Tipo de ítem Koha
        Biblioteca del Ateneo de Madrid Biblioteca del Ateneo de Madrid Depósito 1 17/01/2008     A-9289 1025527 23/02/2023 23/02/2023 Libro impreso